Essays from the Parerga and Paralipomena (Record no. 6221)

MARC details
000 -LEADER
fixed length control field 00656nam a2200241 a 4500
020 ## - INTERNATIONAL STANDARD BOOK NUMBER
ISBN
082 00 - DEWEY DECIMAL CLASSIFICATION NUMBER
Classification number 190
Author Cutter SCH
100 ## - MAIN ENTRY--AUTHOR NAME
Author name Schopenhauer, Arthur
245 ## - TITLE STATEMENT
Title Essays from the Parerga and Paralipomena
Sub title Wisdom of Life, Councils & Maxims
260 ## - PUBLICATION, DISTRIBUTION, ETC. (IMPRINT)
Place of publication London
Name of publisher George Allen and Unwin Ltd
Year of publication 1951
300 ## - PHYSICAL DESCRIPTION
Number of Pages 85p
500 ## - GENERAL NOTE
General note includes index and biblioraphy
505 2# - FORMATTED CONTENTS NOTE
Formatted contents note Bibliographical Notes
650 ## - SUBJECT ADDED ENTRY--TOPICAL TERM
Topical Term Philosophy-Western
942 ## - ADDED ENTRY ELEMENTS (KOHA)
Koha item type Books
700 1# -
-- Schopenhauer, Arthur
Holdings
Collection code Home library Current library Date acquired Cost, normal purchase price Full call number Accession Number Koha item type
  Henry Martyn Institute Library Henry Martyn Institute Library 03/16/2007 100.00 190 SCH 09895 Books
                   Copyright © 2026 | Henry Martyn Institute | Hyderabad | TS-500052 | INDIA | Implemented by hmi.edu.in
Hit-Count:

Powered by Koha